00517 2200181 4500245005900000020002200059250001100081100001700092700001700109700002600126650002900152005001900181260008200200041001400282084000800296300002200304336000900326 aMatematika pada Monumen BersejarahcVeena PrasadhText a978-623-472-343-4 aCet. 1 aVeena prasad aMohint Mohan aFaiz Akbar Lekaananda aMatematika : Sejarah Mon a20240930131955 aJakarta TimurbKementerian Pendidikan, Kebudayaan, Riset, dan Teknologic2022 aIndonesia a510 a28 hlm :c22,9 cm atext